=LDR 00000nam 2200000 4500 =001 INLIS000000000014049 =005 20130612105344 =008 ***********************************Ind** =035 ##$$0010-061300000014049 =041 ##$$a Ind =082 ##$$a R.413.1 =090 ##$$a R.413.1, Hus k =100 ##$$a Husain, Abdul Rajak =245 ##$$a Kamus resmi singkatan dan akronim baku bahasa Indonesia, Yang terlengkap di sertai seluruh tanda dan lambang disiplin ilmu, Abdul Rajak Husain =260 ##$$a 1995 $b Solo =300 ##$$a 142 hlm, 21 cm =650 ##$$a Bahasa Indonesia - Kamus - Khusus =850 ##$$a NBPNMAT